000
00214 a2200097 4500
001
32180
100
_a
Bennett, H
245
_a
chemical formulary XXII
260
_a
N.Y
_b
Chemical Pub
_c
1979
090
_c
21624
_d
21624
942
_a
NUST-CAE
_c
_c
12919
999
_c
267253
_d
267253